Welcome to WEB OPAC of MRSPTU Central Library

Agricultural Planning in India: a Critical Evaluation (Record no. 7524)

MARC details
000 -LEADER
fixed length control field 00422nam a2200157Ia 4500
008 - FIXED-LENGTH DATA ELEMENTS--GENERAL INFORMATION
fixed length control field 230711s9999||||xx |||||||||||||| ||und||
020 ## - INTERNATIONAL STANDARD BOOK NUMBER
International Standard Book Number 81-7041-964-6
041 ## - LANGUAGE CODE
Language code of text/sound track or separate title ASM
082 ## - DEWEY DECIMAL CLASSIFICATION NUMBER
Classification number 338.1
Item number SH-A
100 ## - MAIN ENTRY--PERSONAL NAME
Personal name Sharma,Shyam sunder pd.
245 #0 - TITLE STATEMENT
Title Agricultural Planning in India: a Critical Evaluation
260 ## - PUBLICATION, DISTRIBUTION, ETC.
Date of publication, distribution, etc. 2022
Place of publication, distribution, etc. New Delhi
Name of publisher, distributor, etc. Anmol Publication(P) Ltd.
300 ## - PHYSICAL DESCRIPTION
Extent 182p.
650 ## - SUBJECT ADDED ENTRY--TOPICAL TERM
Topical term or geographic name entry element Agriculture
942 ## - ADDED ENTRY ELEMENTS (KOHA)
Koha item type Book
Holdings
Withdrawn status Lost status Damaged status Not for loan Collection Home library Current library Date acquired Source of acquisition Cost, normal purchase price Inventory number Total checkouts Full call number Barcode Date last seen Price effective from Koha item type
          MRSPTU Central Library MRSPTU Central Library   Technical Bureau India PVT.LTD 200.00 TB47944713   338.1 SH-A P2018 08/17/2023 08/17/2023 Book
          MRSPTU Central Library MRSPTU Central Library   Technical Bureau India PVT.LTD 200.00 TB47944713   338.1 SH-A P2019 08/17/2023 08/17/2023 Book
          MRSPTU Central Library MRSPTU Central Library   Technical Bureau India PVT.LTD 200.00 TB47944713   338.1 SH-A P2020 08/17/2023 08/17/2023 Book
          MRSPTU Central Library MRSPTU Central Library   Technical Bureau India PVT.LTD 200.00 TB47944713   338.1 SH-A P2021 08/17/2023 08/17/2023 Book
          MRSPTU Central Library MRSPTU Central Library   Technical Bureau India PVT.LTD 200.00 TB47944713   338.1 SH-A P2022 08/17/2023 08/17/2023 Book

Website Designed and Developed by MRSPTU Central Library Team

E-mail Id: librarian@mrsptu.ac.in